| 000 | 01065nam2a2200253 4500 | ||
|---|---|---|---|
| 001 | RU\NLR\bibl\1953227 | ||
| 005 | 20250616204328.0 | ||
| 035 | _a(NLR Aleph) 001942343 | ||
| 090 |
_a3582784 _c3582784 |
||
| 100 | _a20120604d2002 |||y0rusy50 ca | ||
| 101 | 0 | _arus | |
| 102 | _aRU | ||
| 105 | _aa ||||||||| | ||
| 200 | 0 |
_aЧ. 2 _fС.Ю. Развозов, А.Н. Страшко |
|
| 210 |
_d2002 _aБ. м. |
||
| 215 |
_a127 с. _cил. |
||
| 320 | _aБиблиогр.: с. 124-125 (23 назв.) | ||
| 461 | 0 |
_1001RU\NLR\bibl\1954218 _12001#$aБезопасность плавания$vЧ. 2 _93595438 _aСтрашко, А. Н. _cСанкт-Петербург _d2001 _fА.Н. Страшко _nГМА _oучебное пособие : [для студентов специальности 240200 "Судовождение на морских путях"] _tБезопасность плавания _vЧ. 2 |
|
| 701 | 1 |
_aРазвозов _bС. Ю. _4070 |
|
| 801 | 0 |
_aRU _bNLR _c20120604 _gRCR |
|
| 801 | 1 |
_aRU _bNLR _c20120604 |
|
| 942 | _cBOOK | ||
| 980 | _aNB | ||